| 000 | 01516nam a22003977a 4500 | ||
|---|---|---|---|
| 003 | CHAP | ||
| 005 | 20220329140933.0 | ||
| 008 | 971013s1995 r 00010 d | ||
| 010 | _a60054 | ||
| 011 | _a61026 | ||
| 035 | _a65190 | ||
| 040 | _cCHAP | ||
| 090 | _aTesis | ||
| 100 | 0 | 0 |
_aAldape Botello, Jaime. _93689 |
| 245 | _aFertilización nitrogenada y fosfórica de maíz criollo (Zea mays) variedad blanco olote colorado en riego y riego limitado, verano 1984, ejido San Rafael, Linares, N.L. | ||
| 260 |
_aMarín, N.L. : _bEl autor, _c1995 |
||
| 300 | _a261 h. | ||
| 502 | _aTesis (M.C. en Producción Agrícola) -- Universidad Autónoma de Nuevo León. Facultad de Agronomía. Subdirección de Estudios de Posgrado | ||
| 590 |
_aALEPH _b10 _c20130110 _lUCH01 _h1339 |
||
| 590 |
_aBATCH-UPD _b10 _c20130110 _lUCH01 _h0303 |
||
| 590 |
_aBATCH-UPD _b10 _c20130110 _lUCH01 _h1448 |
||
| 590 |
_aBATCH-UPD _b10 _c20130409 _lUCH01 _h2335 |
||
| 590 |
_aBATCH-UPD _b10 _c20130410 _lUCH01 _h1502 |
||
| 590 |
_aBATCH-UPD _b10 _c20130914 _lUCH01 _h0005 |
||
| 590 |
_aBATCH-UPD _b10 _c20130914 _lUCH01 _h1630 |
||
| 590 |
_aCONVERSION _b10 _c20130109 _lUCH01 _h1332 |
||
| 650 | 1 | 4 |
_aFósforo _xEfecto en maíz. _942243 |
| 650 | 1 | 4 |
_aMaíz _xFertilización. _970956 |
| 650 | 1 | 4 |
_aMaíz _xIrrigación. _970998 |
| 650 | 1 | 4 |
_aMaíz _xNuevo León. _971029 |
| 650 | 1 | 4 |
_aMaíz _xVariedades. _971081 |
| 650 | 1 | 4 |
_aNitrógeno _xEfecto en maíz. _981447 |
| 901 | _aBK | ||
| 942 | _cTESIS | ||
| 949 |
_bBC _cTES _d-144482 _eTS1 _h29017 _i65190 _si |
||
| 999 |
_c60054 _d60054 |
||